000 03619nam0a2200445 4500
001 RU\NLR\BIBL_A\012016445
005 20190621170435.0
010 _a978-5-9708-0738-5
_9500
021 _aRU
_bКН-П-19-028248
_9КН-П-19-2131
035 _a(NLR Aleph) 012016445
035 _a(RuMoRGB)009954346
090 _a11476526
_c11476526
100 _a20190520d2018 k y0rusy50 ca
101 0 _arus
_deng
102 _aRU
105 _aa zzzz00110zy
200 1 _aАктуальные проблемы русского языка и методики его преподавания в иностранной аудитории
_eматериалы международной научно-методической конференции, посвященной 45-летию Кафедры русского языка как иностранного и межкультурной коммуникации
_fМинистерство науки и высшего образования Российской Федерации, Федеральное государственное бюджетное образовательное учреждение высшего образования "Орловский государственный университет имени И. С. Тургенева", Факультет подготовки иностранных обучающихся, Кафедра русского языка как иностранного и межкультурной коммуникации
_g[редакционная коллегия: Бельская М. И., кандидат филологических наук, преподаватель, Рыбкина О. А., кандидат филологических наук, доцент]
210 _aОрел
_cКартуш
_d2018
215 _a270 с.
_cил., табл.
_d21
300 _aРез. англ.
320 _aБиблиогр. в конце ст.
333 _a16+
606 1 _aРусский язык
_jСъезды, совещания и т.п
_91533567
_3RU\NLR\AUTH\66969347
606 1 _aЯзык и культура
_jСъезды, совещания и т.п
_9990965
_3RU\NLR\AUTH\6656388
606 1 _aПеревод (лингв.)
_jСъезды, совещания и т.п
_91594424
_3RU\NLR\AUTH\66701106
606 1 _aРусский язык
_jСъезды, совещания и т.п
_xПреподавание нерусским
_xВысшая школа
_92157577
_3RU\NLR\AUTH\661298750
686 1 _aШ141.12я431
686 1 _aШ100.33я431
686 1 _aШ107.7я431
686 1 _aЧ486.132я431
702 1 _aРыбкина
_bО. А.
_gОльга Александровна
_4340
702 1 _aБельская
_bМ. И.
_gМарина Игоревна
_4340
711 1 2 _a"Актуальные проблемы русского языка и методики его преподавания в иностранной аудитории", международная научно-методическая конференция
_eОрел
_f2019
_9663687
_3RU\NLR\AUTH\880501961
712 0 2 _4570
_aОрловский государственный университет им. И. С. Тургенева
_bКафедра русского языка как иностранного и межкультурной коммуникации
_9663692
_3RU\NLR\AUTH\880501964
942 _cBOOK
980 _aNB